000
00288nam a22001217a 4500
008
170609b xxu||||| |||| 00| 0 eng d
041
_a
eng
080
_a
327
100
_a
19
101
_a
SHP
245
_a
THE INTERNATIONAL POLITICS OF NATURAL RESOURCES
_c
MIKDASHI, Z
942
_2
udc
_c
BK
999
_c
16709
_d
16709